000 00311nam a22001457a 4500
008 210528b ||||| |||| 00| 0 eng d
020 _a9780073531991
041 _aeng
080 _210th
_a316
082 _a316
100 _a50
101 _aSOC
245 _aSexuality Today
_cKelly,G.F
942 _2udc
_cBK
999 _c57791
_d57791